|
|
|
|
| LEADER |
00000nab a2200000uu 4500 |
| 001 |
vtls011439450 |
| 003 |
SK-MaSNL |
| 005 |
20260303123141.0 |
| 008 |
230213|1958 xo |||||||||||||||||slo| |
| 015 |
|
|
|a SNBRB
|
| 035 |
|
|
|a (urnnbn)urn:nbn:sk:snk:ar-002wyy
|
| 035 |
|
|
|a (uuid)677eaa4e-4870-48fb-bae5-583313d80a43
|
| 035 |
|
|
|a urn:nbn:sk:snk-abce5d
|
| 040 |
|
|
|a SNKBUCL
|b slo
|c SNKBUCL
|e AACR2
|
| 041 |
0 |
|
|a slo
|
| 044 |
|
|
|a xo
|c SK
|
| 100 |
1 |
|
|a Lukáčová-Tajmírová, Oľga
|4 aut
|9 1138831
|
| 245 |
1 |
0 |
|a SYMPÓZIUM O PÔSOBENÍ CHLADU V BIOLÓGII
|c Oľga Lukáčová-Tajmírová
|
| 773 |
0 |
|
|t Biológia : časopis Slovenskej akadémie vied
|g Roč. 13, č. 7 (1958), s. 555-556
|
| 954 |
|
|
|a odborná, vedecká literatúra pôvodná (slovenská)
|2 lita
|
| 958 |
|
|
|a OND
|
| 958 |
|
|
|a EUIPO
|
| 958 |
|
|
|a article16
|
| 999 |
|
|
|c 1923708
|d 1925638
|